000 01773nam0a22003371 4500
001 rc\4703831
005 20130416211703.6
021 _aRU
_b[64-8664]
035 _a(NLR Aleph) 008719980
090 _a9411649
_c9411649
100 _a20130416d1963 |||y0rusy50 ca
101 0 _arus
102 _aRU
105 _aa z |||||
200 1 _aОпыт работы по замоноличиванию электропроводки в железобетонные панели типовых жилых домов
_fНовосиб. обл. правл. Науч.-техн. о-ва энерг. пром-сти. Трест "Сибэлектромонтаж"
210 _aНовосибирск
_cБ. и.
_d1963
215 _a62 с., 1 л. табл.
_cил.
_d26
300 _aНа обл. загл.: Замоноличивание электропроводки в железобетонные панели
300 _aАвт. указаны на обороте тит. л.
512 0 _aЗамоноличивание электропроводки в железобетонные панели
606 _aЭлектромонтажные работы
_xИндустриализация
_2psbo
606 _aПанели железобетонные с электротехническими каналами
_2psbo
606 _aЭлектротехнические конструкции
_2psbo
700 1 _aСтолбов
_bВ. П.
701 1 _aОвсянников
_bА. И.
712 0 2 _aНТО энерг. промышленности
_cЛенинград
_bНовосибирское межобл. правление
_3RU\NLR\AUTH\8810001215
801 0 _aRU
_bNLR
_gpsbo
801 1 _aRU
_bELAR
_2rusmarc
852 _aNLR
_j64-7/370
942 _cBOOK
980 _aNB